| 000 | 00817nam a22002652 4500 | ||
|---|---|---|---|
| 999 |
_c17809 _d17809 |
||
| 001 | 0000018992 | ||
| 003 | OSt | ||
| 005 | 20190706143512.0 | ||
| 008 | 100830s xx 000 0 eng d | ||
| 020 | _a1292063966 | ||
| 040 |
_aKABU _cKABU |
||
| 050 |
_aHF5549 _b.F66 2016 c. 1 |
||
| 100 | 1 | _aFoot, Margaret. | |
| 245 | 1 | 0 |
_aIntroducing human resource management / _cMargaret Foot, Caroline Hook, Andrew Jenkins. |
| 250 | _a7th ed. | ||
| 260 |
_aHarlow, England : _bPearson education Limited _c2016. |
||
| 300 | _axx, 499 p. | ||
| 650 | 0 | _aPersonnel management. | |
| 650 | 0 | _aEmployee rights. | |
| 700 | 1 | _aHook, Caroline. | |
| 700 | 1 | _aJenkins, Andrew | |
| 908 | _a100830 | ||
| 942 |
_2lcc _cBK _hHF5549 _i.F66 2016 c. 1 |
||